Humanties at work: Proceedings of the second regional conference on the humanities held at Denver Colorado December 1,2,3,1944 (Record no. 1346585)

MARC details
000 -LEADER
fixed length control field 00619nam a2200169Ia 4500
005 - DATE AND TIME OF LATEST TRANSACTION
control field 20250508153943.0
008 - FIXED-LENGTH DATA ELEMENTS--GENERAL INFORMATION
fixed length control field 008 250505s9999 xx 000 0 eng d
037 ## - SOURCE OF ACQUISITION
Stock number Books to be hide in OPAC
040 ## - CATALOGING SOURCE
Original cataloging agency FEDL
Language of cataloging eng
Transcribing agency FEDL
041 ## - LANGUAGE CODE
Language code of text/sound track or separate title eng
Source of code eng
084 ## - COLON CLASSIFICATION NUMBER
Classification number 301, HUM/O
Assigning agency FEDL
245 #0 - TITLE STATEMENT
Title Humanties at work: Proceedings of the second regional conference on the humanities held at Denver Colorado December 1,2,3,1944
245 #0 - TITLE STATEMENT
Statement of responsibility, etc. Regional Conference on the Humanities Social Science Foundation University of Denver
300 ## - PHYSICAL DESCRIPTION
Extent viii,158p
942 ## - ADDED ENTRY ELEMENTS (KOHA)
Koha item type Books to be hide in OPAC
Classification part 301, HUM/O
Holdings
Withdrawn status Lost status Damaged status Not for loan Home library Current library Date acquired Total Checkouts Full call number Barcode Date last seen Price effective from Koha item type
        Department of Education Library Department of Education Library 2025-05-08   301, HUM/O EL0030058 2025-05-08 2025-05-08 Books to be hide in OPAC
Copyright @ Delhi University Library System